000 00681nam a2200229 i 4500
001 C2-0289441
003 PPAK
005 20180728022229.0
008 080817s2007 my a|||| ||||| | eng d
040 _aPPAK
_beng
_cPPAK
_erda
082 0 4 _a959.5
_223
090 0 0 _a959.5
_bNUR
_dKK
100 0 _aNurzan Mohd Wahie,
_eauthor
245 1 2 _aA glimpse of life in London and of times past
264 1 _aKuala Lumpur :
_bArkib Negara Malaysia ,
_c2007
300 _a179 pages :
_bcolour illustrations ;
_c27 cm
336 _2rdacontent
_atext
337 _2rdamedia
_aunmediated
338 _2rdacarrier
_avolume
650 1 0 _aIndependence Day(Malaysia) -History
942 _ddc
_cB
999 _c94866
_d94866